Every 100,000+ City in Saudi Arabia in Order - Statistics

General Stats
  • This quiz has been taken 20 times
    7 since last reset
  • The average score is 14 of 42
Answer Stats
Letter Population City % Correct
D 2,590,292 Dammam
100%
J 5,710,250 Jeddah
100%
M 2,449,397 Mecca
100%
M 1,652,944 Medina
100%
R 8,256,305 Riyadh
100%
A-H 1,126,035 Al Hofuf
60%
T 644,906 Tabuk
60%
H 504,478 Ha'il
40%
K-M 1,539,215 Khamis Mushait
40%
T 930,034 Taif
40%
A 354,830 Abha
20%
A-R 104,294 Ahad Rafidah
20%
A-K 431,603 Al-Kharj
20%
A-M 143,910 Al Majma'ah
20%
A-M 102,306 Al-Muzahmiyya
20%
A 101,066 Anak
20%
A 219,982 Arar
20%
A-Z 130,042 Az Zulfi
20%
B 146,702 Bisha
20%
B 952,011 Buraydah
20%
D 160,109 Dawadmi
20%
D 177,240 Dhahran
20%
H-A-B 402,115 Hafar Al Batin
20%
J 310,480 Jizan
20%
J 502,806 Jubail
20%
K 112,474 Khafji
20%
K 687,301 Khobar
20%
N 416,833 Najran
20%
Q 574,431 Qatif
20%
Q 201,653 Qurayyat
20%
R 184,140 Rabigh
20%
R 138,374 Rafha
20%
R 133,195 Rass
20%
S 103,400 Sabya
20%
S 105,090 Safwa
20%
S 106,174 Saihat
20%
S 248,105 Sakākā
20%
S 114,650 Sharorah
20%
T 102,339 Turaif
20%
U 210,159 Unaizah
20%
W-A-D 149,270 Wadi ad-Dawasir
20%
Y 376,190 Yanbu
20%
No matching quizzes found
Score Distribution
Percent of People with Each Score
Percentile by Number Answered
Your Score History
You have not taken this quiz since the last reset